000 00322nam a22001337a 4500
003 OSt
005 20260210112617.0
008 260210b |||||||| |||| 00| 0 eng d
040 _cParliament of Kenya
082 _21st edition
_a328.73
245 _aThe Senate Procedure Handbook
250 _a1st edition
942 _2ddc
_cBK
999 _c4145
_d4145